Computer Reorganization (Record no. 137114)

000 -LEADER
fixed length control field 00307nam a2200109Ia 4500
008 - FIXED-LENGTH DATA ELEMENTS--GENERAL INFORMATION
fixed length control field 220120s9999||||xx |||||||||||||| ||und||
100 ## - MAIN ENTRY--PERSONAL NAME
Personal name Godse, A.P
9 (RLIN) 1195
245 #0 - TITLE STATEMENT
Title Computer Reorganization
260 ## - PUBLICATION, DISTRIBUTION, ETC.
Place of publication, distribution, etc. Technical publications
Name of publisher, distributor, etc. New Delhi
Date of publication, distribution, etc. 2004
300 ## - PHYSICAL DESCRIPTION
Extent 185p.
Other physical details 195
650 ## - SUBJECT ADDED ENTRY--TOPICAL TERM
Topical term or geographic name entry element DATA COMMUNICATION
9 (RLIN) 1124
Holdings
Withdrawn status Lost status Damaged status Not for loan Collection code Home library Current library Date acquired Barcode Date last seen Price effective from Koha item type
        Computer Science and Engineering Central Library Central Library 01/20/2022 GF973 01/20/2022 01/20/2022 Gift Books

Powered by Koha